000 00316nam a22001337a 4500
008 181024b xxu||||| |||| 00| 0 eng d
020 _a9780078025426
041 _aeng
080 _23 ed
_a330.722
100 _a62
101 _akon
245 _aMnagerial Accouting For Managers
_cBrewer.N.G
942 _2udc
_cBK
999 _c50876
_d50876